Представление документа в формате RUSMARC

ПолеНазваниеЗначение
  Тип записи a
  Библиографический уровень c
001 Контрольный номер cb2de86f6360435d99a47cf098d0eb99
005 Дата корректировки 20201206205159.8
010 Индекс ISBN __
a ISBN 978-5-699-35679-9 (в пер.)
d Цена 150-00, 4000 экз.
100 Данные общей обработки __
a Данные общей обработки 19190327d2010||||||| 0rusy0189 ca
101 Язык документа 0_
a Язык текста rus
102 Страна публикации __
a Страна публикации ru
102 Страна публикации __
a Страна публикации RU
105 Кодированные данные (монография) __
a Кодированные данные (монография) ||сa|||||||zy
200 Заглавие и сведения об ответственности 1_
a Заглавие Дама с собачкой
e Сведения, относящиеся к заглавию рассказы, повести, пьесы, воспоминания писателей о Чехове
f Первые сведения об ответственности Антон Чехов
b Общее обозначение материала Текст
210 Выходные данные __
a Место издания Москва
c Издательство ЭКСМО
d Дата издания 2010
215 Физическое описание __
a Объем 638, [1] с.
c Иллюстрации/тип воспроизводства ил., портр.
d Формат 21 см
225 Серия __
a Серия Русская классика
327 Примечание о содержании __
a Примечание о содержании Письмо к ученому соседу
327 Примечание о содержании __
a Примечание о содержании Размазня
327 Примечание о содержании __
a Примечание о содержании Смерть чиновника
327 Примечание о содержании __
a Примечание о содержании Дочь альбиона
327 Примечание о содержании __
a Примечание о содержании Толстый и тонкий
327 Примечание о содержании __
a Примечание о содержании Жалобная книга
327 Примечание о содержании __
a Примечание о содержании Хирургия
327 Примечание о содержании __
a Примечание о содержании Хамелеон
327 Примечание о содержании __
a Примечание о содержании Винт
327 Примечание о содержании __
a Примечание о содержании Маска
327 Примечание о содержании __
a Примечание о содержании Чайка
327 Примечание о содержании __
a Примечание о содержании Вишневый сад
330 Аннотация __
a Аннотация Основу тома избранных произведений Антона Павловича Чехова составляют рассказы, повести и пьесы, входящие в современные школьные программы по литературе. Кроме того, в него включены воспоминания писателей: М. Горького, И. А. Бунина, И. С. Шмелева. Книга будет интересна и взрослым читателям, которые смогут вновь обратиться к изучавшимся некогда шедеврам и неожиданно ощутить их неувядающую художественную свежесть, глубину и мудрость мыслей автора, живое присутствие его героев - открыть новое в, казалось бы, знакомых строках.
600 Персоналии __
a Персоналии (Фамилия) Чехов, А. П.
c Дополнение к имени писатель русский
f Даты 1860-1904
g Полное имя Антон Павлович
606 Тематические рубрики __
a Основная рубрика Художественная литература
606 Тематические рубрики __
a Основная рубрика Русская литература XIX в. (произведения)
610 Ключевые слова __
a Ключевые слова рассказы
610 Ключевые слова __
a Ключевые слова повести
610 Ключевые слова __
a Ключевые слова тема любви
610 Ключевые слова __
a Ключевые слова тема женщины
610 Ключевые слова __
a Ключевые слова тема верности
610 Ключевые слова __
a Ключевые слова классическая литература
610 Ключевые слова __
a Ключевые слова классика
610 Ключевые слова __
a Ключевые слова тема измены
610 Ключевые слова __
a Ключевые слова тема интриг
610 Ключевые слова __
a Ключевые слова пьесы
610 Ключевые слова __
a Ключевые слова сатирические рассказы
610 Ключевые слова __
a Ключевые слова персоналии
686 Индексы других классификаций __
2 Код системы rubbks
a Классификационный индекс 84(2=411.2)52-4
700 Автор _1
a Фамилия Чехов
b Имя А. П.
f Даты 1860-1904
g Полное личное имя Антон Павлович
4 Код отношения 070
801 Источник записи _0
a Страна ru
b Организация Муниципальное бюджетное учреждение культуры "Централизованная библиотечная система" г. Сургут (Центральная городская библиотека им. А. С. Пушкина)
c Дата составления 20190327
g Правила каталогизации PSBO
801 Источник записи _1
a Страна ru
b Организация Муниципальное бюджетное учреждение культуры "Централизованная библиотечная система" г. Сургут (Центральная городская библиотека им. А. С. Пушкина)
c Дата составления 20190327
g Правила каталогизации PSBO
852 Данные о местонахождении __
j Шифр хранения 84(2=411.2)52-4
i Авторский знак Ч-56
901 Тип документа 1_
t Тип документа x
a Ответственный ООФиК/Волкова
903 Характеристики (МАРС) __
a Дата передачи 20190327
990 Данные о заказе (DOS) __
j Количество экземпляров (DOS) 1
t N записи в КСУ для И/У (DOS) 201903